[Event "CFR-chT"]
[Site "Elets"]
[Date "2009.12.20"]
[Round "7"]
[White "Dobrenko, Andrei"]
[Black "Kalugin, Sergey V"]
[Result "1/2-1/2"]
[WhiteElo "2201"]
[BlackElo "2405"]
[PlyCount "56"]
[EventDate "2009.12.16"]
[EventType "team-swiss"]
[EventRounds "7"]
[EventCountry "RUS"]
[SourceTitle "EXT 2022"]
[Source "ChessBase"]
[SourceDate "2021.10.06"]
[SourceVersion "1"]
[SourceVersionDate "2021.10.06"]
[SourceQuality "1"]

1. c4 e5 2. Nc3 Nf6 3. Nf3 e4 4. Ng5 b5 5. cxb5 d5 6. g3 h6 7. Nh3 a6 8. d4 axb5 9. Nxb5 c6 10. Nc3 Bf5 11. Nf4 Qd7 12. h4 Na6 13. Bg2 Bd6 14. e3 Ke7 15. Bd2 g5 16. Nfe2 Nb4 17. Kf1 Nd3 18. Qc2 Ng4 19. Be1 Rhb8 20. b3 Qc8 21. Nc1 Bxg3 22. Nxd3 exd3 23. Qd2 Bc7 24. f3 Nf6 25. hxg5 hxg5 26. e4 Bf4 27. Qxd3 Bg6 28. Bd2 Nh5 1/2-1/2

[Event "Elets-B"]
[Site "Elets"]
[Date "2009.09.15"]
[Round "4"]
[White "Dobrenko, Andrei"]
[Black "Lomakina, Galja"]
[Result "0-1"]
[WhiteElo "2122"]
[BlackElo "2088"]
[PlyCount "80"]
[EventDate "2009.09.12"]
[EventType "tourn"]
[EventRounds "11"]
[EventCountry "RUS"]
[SourceTitle "CBM 132 Extra"]
[Source "ChessBase"]
[SourceDate "2009.11.03"]
[SourceVersion "1"]
[SourceVersionDate "2009.11.03"]
[SourceQuality "1"]

1. c4 d6 2. Nc3 Nf6 3. g3 g6 4. Bg2 Bg7 5. e4 0-0 6. Nge2 Nbd7 7. 0-0 e5 8. d3 a5 9. h3 Nc5 10. f4 exf4 11. Nxf4 c6 12. Be3 Nfd7 13. Qd2 Nb6 14. Rae1 a4 15. Rb1 Bd7 16. b4 axb3 17. axb3 Ra3 18. Qc2 f5 19. e5 Re8 20. d4 dxe5 21. dxc5 exf4 22. Bc1 Nxc4 23. Nd1 Be6 24. bxc4 Rxg3 25. Bxf4 Rd3 26. Bd6 Rd4 27. Rf4 Bxc4 28. Rxd4 Bxd4+ 29. Kh2 Ba6 30. Rxb7 Bxb7 31. Qc4+ Kg7 32. Qxd4+ Qf6 33. Qxf6+ Kxf6 34. Bf3 Ra8 35. Kg3 Ra3 36. Nb2 Ba6 37. Kf2 Ra2 38. Bxc6 Rxb2+ 39. Ke3 Rb3+ 40. Kd2 Rxh3 0-1

[Event "Elets-B"]
[Site "Elets"]
[Date "2009.09.15"]
[Round "5"]
[White "Pogosian, Manvel"]
[Black "Dobrenko, Andrei"]
[Result "1-0"]
[WhiteElo "2299"]
[BlackElo "2122"]
[PlyCount "45"]
[EventDate "2009.09.12"]
[EventType "tourn"]
[EventRounds "11"]
[EventCountry "RUS"]
[SourceTitle "CBM 132 Extra"]
[Source "ChessBase"]
[SourceDate "2009.11.03"]
[SourceVersion "1"]
[SourceVersionDate "2009.11.03"]
[SourceQuality "1"]

1. d4 d5 2. c4 e6 3. Nc3 Nf6 4. Bg5 c5 5. e3 cxd4 6. exd4 Be7 7. Nf3 0-0 8. Bd3 dxc4 9. Bxc4 h6 10. Bh4 Nd5 11. Bg3 Nxc3 12. bxc3 Nc6 13. 0-0 Bd6 14. Bb3 Bxg3 15. hxg3 b6 16. Qd3 Bb7 17. Rfe1 Ne7 18. Bc2 g6 19. Ne5 Kg7 20. c4 Rc8 21. Rad1 Qc7 22. Qe3 Ba6 23. Bd3 1-0

[Event "CFO-chT"]
[Site "Elets"]
[Date "2008.12.20"]
[Round "6"]
[White "Dobrenko, Andrei"]
[Black "Bazarov, Konstantin"]
[Result "0-1"]
[WhiteElo "2122"]
[BlackElo "2256"]
[PlyCount "100"]
[EventDate "2008.12.17"]
[EventType "team-tourn"]
[EventRounds "7"]
[EventCountry "RUS"]
[SourceTitle "EXT 2011"]
[Source "ChessBase"]
[SourceDate "2010.11.26"]
[SourceVersion "1"]
[SourceVersionDate "2010.11.26"]
[SourceQuality "1"]

1. c4 f5 2. Nc3 Nf6 3. g3 e5 4. Bg2 g6 5. e3 Bg7 6. d4 e4 7. f3 exf3 8. Nxf3 0-0 9. 0-0 d6 10. Qb3 Kh8 11. Bd2 Nc6 12. d5 Na5 13. Qa4 b6 14. Ne2 Bd7 15. Qc2 Nb7 16. Nfd4 Nc5 17. Nf4 a5 18. a3 a4 19. Bb4 Qe7 20. Bxc5 bxc5 21. Nde6 Rfb8 22. Rfe1 Ng4 23. Nxg7 Qxg7 24. Rab1 Rb3 25. Nd3 Re8 26. Qd2 Qh6 27. h3 Nf6 28. Kh2 Kg7 29. Bf3 Ne4 30. Bxe4 Rxe4 31. Nf4 g5 32. Ng2 Qf6 33. Rec1 Qd8 34. Rc3 Rb6 35. Rf1 Qf6 36. Qc2 Re8 37. Ne1 Reb8 38. Nd3 Qe7 39. Qc1 Rb3 40. Rf2 Qf6 41. e4 Rxc3 42. bxc3 Qg6 43. e5 f4 44. gxf4 Qxd3 45. e6 Be8 46. fxg5 Qxc4 47. Qh1 Qxc3 48. Qf1 Rb2 49. Rxb2 Qxb2+ 50. Kh1 Qe5 0-1

[Event "Capital of Sibiria op"]
[Site "Novosibirsk"]
[Date "2002.07.25"]
[Round "7"]
[White "Dobrenko, Andrei"]
[Black "Sisabayev, Kuanysh"]
[Result "0-1"]
[WhiteElo "2146"]
[BlackElo "2219"]
[PlyCount "65"]
[EventDate "2002.07.19"]
[EventType "swiss"]
[EventRounds "9"]
[EventCountry "RUS"]
[SourceTitle "CBM 089 Extra"]
[Source "ChessBase"]
[SourceDate "2002.09.10"]
[SourceVersion "2"]
[SourceVersionDate "2002.09.10"]
[SourceQuality "1"]

1. d4 Nf6 2. c4 g6 3. Nc3 Bg7 4. e4 0-0 5. f3 d6 6. Be3 c6 7. Qd2 a6 8. Nge2 b5 9. Ng3 Nbd7 10. a3 bxc4 11. Bxc4 Rb8 12. 0-0 d5 13. Be2 e5 14. exd5 Nxd5 15. Nxd5 cxd5 16. Rab1 Rb3 17. Bd1 Rxe3 18. Qxe3 exd4 19. Qb3 Ne5 20. Be2 h5 21. Bd3 h4 22. Ne2 Nxd3 23. Qxd3 Qb6 24. g4 Bd7 25. Kg2 Re8 26. Rfe1 Re3 27. Qd2 h3+ 28. Kxh3 Qf6 29. Ng1 Rxf3+ 30. Kg2 Rf4 31. h3 Bh6 32. Qe2 d3 33. Qe5 0-1

[Event "Capital of Sibiria op"]
[Site "Novosibirsk"]
[Date "2002.07.22"]
[Round "4"]
[White "Dobrenko, Andrei"]
[Black "Vassiliev, G."]
[Result "0-1"]
[WhiteElo "2146"]
[BlackElo "2276"]
[PlyCount "90"]
[EventDate "2002.07.19"]
[EventType "swiss"]
[EventRounds "9"]
[EventCountry "RUS"]
[SourceTitle "CBM 089 Extra"]
[Source "ChessBase"]
[SourceDate "2002.09.10"]
[SourceVersion "2"]
[SourceVersionDate "2002.09.10"]
[SourceQuality "1"]

1. d4 d5 2. c4 e6 3. Nc3 c6 4. Nf3 dxc4 5. a4 Bb4 6. e3 b5 7. axb5 cxb5 8. Qc2 Bb7 9. b3 a5 10. bxc4 Bxc3+ 11. Qxc3 b4 12. Qb3 Nf6 13. Be2 0-0 14. 0-0 Nbd7 15. Rd1 Qc7 16. Bb2 Rfb8 17. d5 e5 18. Bf1 Nc5 19. Qc2 Ncd7 20. Qf5 Re8 21. Rac1 a4 22. c5 Bxd5 23. c6 Bxc6 24. Bb5 Re6 25. Ng5 Qb7 26. Nxe6 Bxb5 27. Nc7 Ra5 28. Nxb5 Rxb5 29. Qc2 a3 30. Qc8+ Qxc8 31. Rxc8+ Nf8 32. Bc1 Rb7 33. Ra8 N6d7 34. Bd2 Nb6 35. Rxf8+ Kxf8 36. Bxb4+ Ke8 37. Bxa3 Nc4 38. Bc5 Rb5 39. Ba7 Ra5 40. Bb8 Ra8 41. Rb1 Kd7 42. h3 f6 43. Rb7+ Kc6 44. Rc7+ Kb5 45. Ba7 Rg8 0-1